White 2115- Rockstar - Statystyki

Ogólne statystyki
  • Ten quiz został rozwiązany 804 razy
  • Średni wynik to 10 z 14
Statystyki odpowiedzi
Odpowiedź % Poprawnych
Rockstar
94%
California
91%
Nowi kumple
83%
La vida loca
76%
Noc
74%
Kurt Cobain
68%
Jaki ojciec taki syn
67%
Sen
67%
Jim Morrison
64%
Anioł stróż
61%
Balmain
61%
Cry baby
61%
Sos mula
60%
Legenda
59%
Nie znaleziono quizów pasujących do podanych kryteriów
Rozkład punktacji
Procent ludzi z każdym wynikiem
Percentyl według liczby udzielonych odpowiedzi
Twoja historia wyników
Nie rozwiązałeś tego quizu